书目信息 |
| 题名: |
电视摄像与画面编辑
|
|
| 作者: | 焦道利 主编 ;张新贤 编著 | |
| 分册: | ||
| 出版信息: | 北京 国防工业出版社 2010.8 |
|
| 页数: | 212页 | |
| 开本: | 26cm | |
| 丛书名: | ||
| 单 册: | ||
| 中图分类: | J931 , G222.1 | |
| 科图分类: | ||
| 主题词: | 电视摄影--摄影艺术--高等学校--教材 , 电视节目--编辑工作--高等学校--教材 , 电视摄影 , 摄影艺术 , 电视节目 , 编辑工作 | |
| 电子资源: | ||
| ISBN: | 978-7-118-07024-8 | |
| 000 | 01122nam0 2200325 45 | |
| 001 | 1360089406 | |
| 005 | 20130530094041.98 | |
| 010 | @a978-7-118-07024-8@dCNY26.00 | |
| 100 | @a20130513d2010 em y0chiy0110 ea | |
| 101 | 0 | @achi |
| 102 | @aCN@b110000 | |
| 105 | @aa z 000yy | |
| 106 | @ar | |
| 200 | 1 | @a电视摄像与画面编辑@ADian Shi She Xiang Yu Hua Mian Bian Ji@f焦道利主编@FJiao Dao Li Zhu Bian@g张新贤[等]编著 |
| 210 | @a北京@c国防工业出版社@d2010.8 | |
| 215 | @a212页@c图@d26cm | |
| 300 | @a普通高等学校“十一五”规划教材 | |
| 330 | @a本书对电视摄像与画面编辑进行了全面的阐述,系统的论述了电视摄像从入门到提高再到电视艺术创作需要掌握的技巧和方法。本书第1-7章为电视摄像部分;第8-10章为电视画面剪辑部分。 | |
| 606 | 0 | @a电视摄影@x摄影艺术@x高等学校@j教材 |
| 606 | 0 | @a电视节目@x编辑工作@x高等学校@j教材 |
| 606 | 0 | @a电视摄影 |
| 606 | 0 | @a摄影艺术 |
| 606 | 0 | @a电视节目 |
| 606 | 0 | @a编辑工作 |
| 690 | @aJ931@v5 | |
| 690 | @aG222.1@v5 | |
| 701 | 0 | @a焦道利@AJiao Dao Li@4主编 |
| 702 | 0 | @a张新贤@AZhang Xin Xian@4编著 |
| 801 | @aCN@bTANGWEI@c20130522 | |
| 905 | @b0834004-07@dJ931@e253@f4 | |
| 电视摄像与画面编辑/焦道利主编/张新贤[等]编著.-北京:国防工业出版社,2010.8 |
| 212页:图;26cm |
| 普通高等学校“十一五”规划教材 |
| ISBN 978-7-118-07024-8:CNY26.00 |
| 本书对电视摄像与画面编辑进行了全面的阐述,系统的论述了电视摄像从入门到提高再到电视艺术创作需要掌握的技巧和方法。本书第1-7章为电视摄像部分;第8-10章为电视画面剪辑部分。 |
| ● |
| 相关链接 |
|
|
|
|
正题名:电视摄像与画面编辑
索取号:J931/253
 
预约/预借
| 序号 | 登录号 | 条形码 | 馆藏地/架位号 | 状态 | 备注 |
| 1 | 0834004 | 208340044 | 第一样本阅览室/ [索取号:J931/253] | 在馆 | |
| 2 | 0834005 | 208340053 | 第一借阅区/ [索取号:J931/253] | 在馆 | |
| 3 | 0834006 | 208340062 | 第一借阅区/ [索取号:J931/253] | 在馆 | |
| 4 | 0834007 | 208340071 | 第一借阅区/ [索取号:J931/253] | 在馆 |